00401nam a2200145Ia 4500008004100000041000900041082001800050100001300068245001700081260002900098300000800127650000800135999001700143952009500160230718s9999 xx 000 0 und d aEng. a348.54bPAK-C aPakistan 0aCivil casuse aPakistanbPakistanc1991 a626 aLaw c32707d32707 00104070aSIRC-LbSIRC-Ld2023-07-18l0o348.54 PAK-Cp27658r2023-07-18w2023-07-18yBK